|
|
|
|
| LEADER |
00000nam a2200000 a 4500 |
| 001 |
vtls001310507 |
| 003 |
SK-MaSNL |
| 005 |
20260302033009.0 |
| 008 |
240226s1997 xo a r y slo |
| 015 |
|
|
|a SNBA1998/03-00888
|
| 020 |
|
|
|a 8096761625
|
| 035 |
|
|
|a SNK000262856
|
| 035 |
|
|
|a urn:nbn:sk:snk-amkgya
|
| 035 |
|
|
|a urn:nbn:sk:snk-am002yqx
|
| 035 |
|
|
|a A2EBAD7D-D558-4082-96D2-5FFECCB74191
|
| 040 |
|
|
|a SNK
|b slo
|c SNK
|e AACR2
|
| 041 |
0 |
|
|a slo
|
| 044 |
|
|
|a xo
|c SK
|
| 080 |
|
|
|a 352/354(4)(082)
|2 1981
|
| 240 |
1 |
0 |
|a Public management reform
|l Slovensky
|
| 245 |
0 |
0 |
|a Reforma verejnej správy
|b porovnanie skúseností východu a západu
|c k vydaniu pripravili David Coombes a Tony Verheijen ; [z anglického originálu preložili Mária Kompišová ... [et al.]]
|
| 260 |
|
|
|a Bratislava
|b NISPAcee
|c 1997
|
| 300 |
|
|
|a 478 s.
|c 21 cm
|
| 500 |
|
|
|a Údaj o prekl. prevzatý z rubu tit. strany
|
| 504 |
|
|
|a Bibliogr. odkazy
|
| 650 |
0 |
7 |
|a správa verejná
|x reforma
|x skúsenosti európske
|x zborníky
|2 SNK
|9 682652
|
| 655 |
|
7 |
|a zbierky
|2 SNK
|9 70533
|
| 700 |
1 |
|
|a Coombes, David
|4 com
|9 43208
|
| 700 |
1 |
|
|a Verheijen, Tony
|4 com
|9 298521
|
| 700 |
1 |
|
|a Kompišová, Mária
|4 trl
|9 44894
|
| 919 |
|
|
|a 80-967616-2-5
|
| 958 |
|
|
|a TL
|
| 958 |
|
|
|a OP
|
| 958 |
|
|
|a NS
|
| 958 |
|
|
|a NB
|
| 968 |
|
|
|b ENG
|
| 999 |
|
|
|c 1059622
|d 1061552
|
| 952 |
|
|
|t P60, <03>, [BOOK], {603}
|a SNK
|b SNK
|y PREZ
|7 0
|p 17A0103118
|o snkSC 94464
|i snkKSP 11420/97
|0 0
|1 0
|4 0
|d 1997-11-17
|f 1
|l 0
|r 2025-09-12 00:00:00
|w 2026-02-24
|
| 952 |
|
|
|t P60, <04>, [BOOK], {604}
|a SNK
|b SNK
|y VYP
|7 0
|p 17A0108369
|o snkSC 94464 D1
|i snkKSP 11851/97
|0 0
|1 0
|4 0
|d 1997-12-01
|l 0
|r 2005-01-02 00:00:00
|w 2026-02-24
|
| 952 |
|
|
|t snkREF 351
|a SNKUST
|b SNKUST
|y PREZ
|7 0
|p 17A0328413
|o snkSC 94464 D2
|i snkKSP 757/2002
|0 0
|1 0
|4 0
|d 2002-01-18
|l 0
|r 2025-03-21 00:00:00
|w 2026-02-24
|